000 00436nam a2200169Ia 4500
003 OSt
005 20140322125505.0
008 140130s9999 xx 000 0 und d
020 _a0439826217
050 _aTR 420.7
_bSch368 2006
245 _aScholastic English Program Activity Book Level 4 /
260 _bScholastic,
_a[S.n.] :
_cc2006.
300 _a64 p. :
_bill. ;
_c19 cm.
440 _v1
942 _cBK
_2lcc
999 _c41998
_d41998